Statistics for Twilight Food Quiz

Click here to take the quiz!

General Stats

  • This quiz has been taken 64 times
  • The average score is 9 of 20

Answer Stats

HintAnswer% Correct
Fruit on the cover of the first bookApple
96%
Wedding dessertCake
82%
Causes Bella to throw up on her honeymoonChicken
76%
Emmett's favorite animal to huntGrizzly Bear
69%
What Charlie always brings homeFish
67%
Another sugary breakfast Bella eatsCereal
61%
Edward's favorite animal to huntMountain Lion
55%
Edward's school lunchPizza
55%
Bella's restaurant orderMushroom Ravioli
53%
Bella drinks this to stay awake on the plane in New MoonCoke
45%
Bella's favorite thing to eat on her honeymoonEggs
43%
Harry Clearwater's homemade...Fishfry
37%
Charlie burnt this....Spaghetti
29%
Bella's sugary breakfastPoptart
24%
Edward takes the bottle cap Lemonade
22%
Popular Mexican dish made by BellaEnchiladas
18%
When it comes to food, Bella says Charlie is BLANK kind of guyMeat and Potatoes
12%
Jasper tears this to pieces at the school lunch tableBagel
10%
Grandma Swan's recipe for...Stroganoff
10%
Type of sandwich Bella makes for Charlie, Billy and JacobGrilled Cheese
8%

Score Distribution

Percentile by Number Answered

Percent of People with Each Score

Your Score History

You have not taken this quiz